<?xml version="1.0" encoding="UTF-8"?>
<record
    xmlns:xsi="http://www.w3.org/2001/XMLSchema-instance"
    xsi:schemaLocation="http://www.loc.gov/MARC21/slim http://www.loc.gov/standards/marcxml/schema/MARC21slim.xsd"
    xmlns="http://www.loc.gov/MARC21/slim">

  <leader>01501nam a22003137a 4500</leader>
  <controlfield tag="005">20200104041633.0</controlfield>
  <controlfield tag="008">150305b2014    ck ||||| ||||o00| 0 spa d</controlfield>
  <datafield tag="020" ind1=" " ind2=" ">
    <subfield code="a">9789589934388</subfield>
  </datafield>
  <datafield tag="040" ind1=" " ind2=" ">
    <subfield code="a">Co-BoIAvH</subfield>
    <subfield code="c">Co-BoIAvH</subfield>
  </datafield>
  <datafield tag="041" ind1=" " ind2=" ">
    <subfield code="a">spa</subfield>
  </datafield>
  <datafield tag="044" ind1=" " ind2=" ">
    <subfield code="a">ck</subfield>
  </datafield>
  <datafield tag="082" ind1="0" ind2="4">
    <subfield code="a">633.7</subfield>
    <subfield code="b">R62c</subfield>
  </datafield>
  <datafield tag="100" ind1="1" ind2=" ">
    <subfield code="a">Roa Casta&#xF1;eda, Jos&#xE9; James</subfield>
  </datafield>
  <datafield tag="245" ind1="1" ind2="0">
    <subfield code="a">Coca: </subfield>
    <subfield code="b">deforestaci&#xF3;n, contaminaci&#xF3;n y pobreza</subfield>
  </datafield>
  <datafield tag="246" ind1=" " ind2=" ">
    <subfield code="a">Coca: deforestaci&#xF3;n, contaminaci&#xF3;n y pobreza&#xB4;:</subfield>
    <subfield code="b">acercamiento a la actividad econ&#xF3;mica y la problem&#xE1;tica ambiental de los cultivos de coca en Colombia</subfield>
  </datafield>
  <datafield tag="260" ind1=" " ind2=" ">
    <subfield code="a">Bogot&#xE1;:</subfield>
    <subfield code="b">Polic&#xED;a Nacional de Colombia,</subfield>
    <subfield code="c">2014.</subfield>
  </datafield>
  <datafield tag="300" ind1=" " ind2=" ">
    <subfield code="a">212 p.</subfield>
    <subfield code="b">fotograf&#xED;as a color, tablas, mapas</subfield>
    <subfield code="c">24 cm.</subfield>
  </datafield>
  <datafield tag="504" ind1=" " ind2=" ">
    <subfield code="a">Incluye referencias bibliogr&#xE1;ficas (pag. 206-212)</subfield>
  </datafield>
  <datafield tag="505" ind1=" " ind2=" ">
    <subfield code="a">Antecedentes de los cultivos il&#xED;citos en Colombia.
Coca:  plantas y variedades.
Actividad agron&#xF3;mica.
Din&#xE1;mica y situaci&#xF3;n actual de los cultivos de coca.
Impacto ambiental ocasionado por los cultivos de coca.
Siembra y producci&#xF3;n.
Impacto socioecon&#xF3;mico y cultural de la actividad cocalera.</subfield>
  </datafield>
  <datafield tag="650" ind1=" " ind2="4">
    <subfield code="a">Plantas alcaloides</subfield>
    <subfield code="x">agricultura</subfield>
  </datafield>
  <datafield tag="650" ind1=" " ind2="4">
    <subfield code="a">Cultivo de plantas alcaloides</subfield>
    <subfield code="z">Colombia</subfield>
  </datafield>
  <datafield tag="651" ind1=" " ind2=" ">
    <subfield code="a">Coca</subfield>
    <subfield code="y">aspectos ambientales</subfield>
  </datafield>
  <datafield tag="651" ind1=" " ind2=" ">
    <subfield code="a">Agricultura</subfield>
  </datafield>
  <datafield tag="651" ind1=" " ind2=" ">
    <subfield code="a">Deforestaci&#xF3;n</subfield>
  </datafield>
  <datafield tag="651" ind1=" " ind2=" ">
    <subfield code="a">Cultivos il&#xED;citos</subfield>
  </datafield>
  <datafield tag="700" ind1="1" ind2=" ">
    <subfield code="a">Nu&#xF1;ez Due&#xF1;as, James</subfield>
  </datafield>
  <datafield tag="710" ind1="1" ind2=" ">
    <subfield code="a">Polic&#xED;a Nacional de Colombia. </subfield>
    <subfield code="b">Direcci&#xF3;n Antinarc&#xF3;ticos</subfield>
  </datafield>
  <datafield tag="942" ind1=" " ind2=" ">
    <subfield code="2">ddc</subfield>
    <subfield code="c">LIBRO</subfield>
  </datafield>
  <datafield tag="999" ind1=" " ind2=" ">
    <subfield code="c">9080</subfield>
    <subfield code="d">9080</subfield>
  </datafield>
  <datafield tag="952" ind1=" " ind2=" ">
    <subfield code="0">0</subfield>
    <subfield code="1">0</subfield>
    <subfield code="2">ddc</subfield>
    <subfield code="4">0</subfield>
    <subfield code="7">0</subfield>
    <subfield code="8">GENERAL</subfield>
    <subfield code="I">INV2017</subfield>
    <subfield code="a">Bogota</subfield>
    <subfield code="b">Bogota</subfield>
    <subfield code="d">2015-03-05</subfield>
    <subfield code="e">Instituto</subfield>
    <subfield code="g">39000.00</subfield>
    <subfield code="l">1</subfield>
    <subfield code="o">LB-633.7 R62c</subfield>
    <subfield code="p">038952</subfield>
    <subfield code="r">2019-02-13 00:00:00</subfield>
    <subfield code="s">2019-02-13</subfield>
    <subfield code="t">Ej. 1</subfield>
    <subfield code="w">2015-03-05</subfield>
    <subfield code="x">Donaci&#xF3;n</subfield>
    <subfield code="y">LIBRO</subfield>
  </datafield>
</record>
